000 00612nam a2200229 a 4500
999 _c7392
_d7392
001 7392
003 Mx-PuUPA
005 20200624120725.0
008 140415s1993 mx 000 0 spa d
040 _cMx-PuUPA
041 _aspa
082 _a345
_bAMU
100 1 _aAmuchategui Requena, I. Griselda,
_q(Irma Griselda)
_93276
245 1 0 _aDERECHO PENAL :
_bCURSO PRIMERO Y SEGUNDO
250 _a1a ed.
260 _aMEXICO :
_bHARLA,
_c1993
300 _a418
490 _aTEXTOS JURIDICOS UNIVERSITARIOS
500 _aCOLEC. TEXTOS JURIDICOS UNIVERSITARIOS
650 1 4 _aDERECHO PENAL
942 _2ddc
_cLI